[Event "Kochan Memorial op 26th"]
[Site "Koszalin"]
[Date "2015.08.21"]
[Round "6"]
[White "Koszowski, Krystian"]
[Black "Gietka, Dariusz"]
[Result "1/2-1/2"]
[WhiteElo "1741"]
[BlackElo "1601"]
[PlyCount "85"]
[EventDate "2015.08.17"]
[EventType "swiss"]
[EventRounds "9"]
[EventCountry "POL"]
[SourceTitle "EXT 2016"]
[Source "ChessBase"]
[SourceDate "2015.10.08"]
[SourceVersion "1"]
[SourceVersionDate "2015.10.08"]
[SourceQuality "1"]

1. e4 c5 2. Nf3 d6 3. d4 cxd4 4. Nxd4 Nf6 5. Nc3 a6 6. Be3 e5 7. Nb3 Be6 8. Be2 Nbd7 9. 0-0 Rc8 10. Bg5 Be7 11. Rc1 0-0 12. Be3 Rxc3 13. bxc3 Nxe4 14. Qd3 Bf5 15. Bg4 Bg6 16. f4 exf4 17. Bxf4 Ndf6 18. Be2 d5 19. Qd4 b5 20. Bf3 Ba3 21. Rcd1 a5 22. Bxe4 Bxe4 23. Bg5 Be7 24. Rd2 Qc7 25. Bxf6 Bxf6 26. Rxf6 gxf6 27. Qxf6 a4 28. Nc1 Qc5+ 29. Qd4 Qa3 30. Ne2 Qxa2 31. Nf4 Qb1+ 32. Kf2 Qh1 33. h3 Qh2 34. Qf6 a3 35. Qg5+ Bg6 36. Nxd5 Ra8 37. Ne7+ Kf8 38. Nxg6+ hxg6 39. Rd8+ Rxd8 40. Qxd8+ Kg7 41. Qd4+ Kh7 42. Qh4+ Kg7 43. Qd4+ 1/2-1/2

[Event "Kochan Memorial op 25th"]
[Site "Koszalin"]
[Date "2014.08.14"]
[Round "5"]
[White "Koszowski, Krystian"]
[Black "Smal, Tobiasz"]
[Result "0-1"]
[WhiteElo "1717"]
[BlackElo "1888"]
[PlyCount "98"]
[EventDate "2014.08.10"]
[EventType "swiss"]
[EventRounds "9"]
[EventCountry "POL"]
[SourceTitle "CBM 161 Extra"]
[Source "ChessBase"]
[SourceDate "2014.08.29"]
[SourceVersion "1"]
[SourceVersionDate "2014.08.29"]
[SourceQuality "1"]

1. e4 c5 2. Nf3 d6 3. d4 cxd4 4. Nxd4 Nf6 5. Nc3 a6 6. Be2 e5 7. Nb3 Be7 8. 0-0 0-0 9. Bg5 Nbd7 10. Re1 Qc7 11. Rc1 b5 12. Bg4 Nb6 13. Bxc8 Raxc8 14. a3 h6 15. Be3 Nc4 16. Rb1 Nxb2 17. Rxb2 Qxc3 18. Ra2 Nxe4 19. Bxh6 f5 20. Qd5+ Rf7 21. Bd2 Qc4 22. Qd3 Qxd3 23. cxd3 Nxd2 24. Rxd2 Bg5 25. Rb2 Rc3 26. Rd1 Rfc7 27. g3 Rc2 28. Rxc2 Rxc2 29. d4 Rc3 30. Na5 Rc1 31. Rxc1 Bxc1 32. dxe5 dxe5 33. Nc6 Bxa3 34. Nxe5 Bd6 35. Nc6 Kf7 36. Kf1 Ke6 37. Nd4+ Ke5 38. Nb3 Kd5 39. Ke2 Kc4 40. Na5+ Kc3 41. Nb7 Be7 42. Kd1 Kb2 43. h3 b4 44. Na5 b3 45. Nc4+ Ka2 46. Kc1 a5 47. g4 fxg4 48. hxg4 Bg5+ 49. Kd1 b2 0-1

[Event "Kochan Memorial op 25th"]
[Site "Koszalin"]
[Date "2014.08.11"]
[Round "1"]
[White "Maruszczak, Hanna"]
[Black "Koszowski, Krystian"]
[Result "0-1"]
[WhiteElo "1072"]
[BlackElo "1717"]
[PlyCount "100"]
[EventDate "2014.08.10"]
[EventType "swiss"]
[EventRounds "9"]
[EventCountry "POL"]
[SourceTitle "CBM 161 Extra"]
[Source "ChessBase"]
[SourceDate "2014.08.29"]
[SourceVersion "1"]
[SourceVersionDate "2014.08.29"]
[SourceQuality "1"]

1. e4 e5 2. Nf3 Nc6 3. d4 exd4 4. Nxd4 d6 5. Nc3 Bd7 6. Bc4 Nf6 7. Bg5 Be7 8. 0-0 0-0 9. Qd2 h6 10. Bh4 Nxe4 11. Nxe4 Bxh4 12. Nxc6 Bxc6 13. Bd5 Bxd5 14. Qxd5 Rb8 15. Rad1 Bf6 16. Nxf6+ Qxf6 17. c3 a6 18. Rfe1 Qd8 19. Re3 Re8 20. Rde1 Rxe3 21. Rxe3 Qd7 22. h3 c6 23. Qd2 Kf8 24. Kf1 Re8 25. Ke2 Rxe3+ 26. Qxe3 Qe7 27. g3 Qxe3+ 28. Kxe3 Ke7 29. Kf4 Ke6 30. c4 g5+ 31. Kg4 f5+ 32. Kf3 Ke5 33. Ke3 f4+ 34. gxf4+ gxf4+ 35. Kf3 Kf5 36. h4 h5 37. b3 Ke5 38. a3 b5 39. a4 bxa4 40. bxa4 a5 41. Ke2 Ke4 42. Kd2 Kd4 43. Ke2 Kxc4 44. Kf3 d5 45. Kxf4 d4 46. Kg5 d3 47. f4 d2 48. Kxh5 d1Q+ 49. Kg5 Qg1+ 50. Kf5 Kd5 0-1

[Event "Kochan Memorial op 24th"]
[Site "Koszalin"]
[Date "2013.08.17"]
[Round "9"]
[White "Koszowski, Krystian"]
[Black "Stefanoff, Zdzislaw"]
[Result "1-0"]
[WhiteElo "1721"]
[BlackElo "1512"]
[PlyCount "113"]
[EventDate "2013.08.10"]
[EventType "swiss"]
[EventRounds "9"]
[EventCountry "POL"]
[SourceTitle "CBM 155 Extra"]
[Source "ChessBase"]
[SourceDate "2013.08.26"]
[SourceVersion "1"]
[SourceVersionDate "2013.08.26"]
[SourceQuality "1"]

1. e4 c5 2. Nf3 e6 3. d4 cxd4 4. Nxd4 Bc5 5. Be3 Qb6 6. b3 Nc6 7. c3 Nf6 8. Qd3 0-0 9. Nd2 a6 10. b4 Bxd4 11. Bxd4 Qc7 12. Bc5 Re8 13. Bd6 Qd8 14. c4 Qb6 15. Bc5 Qc7 16. Be2 Ne5 17. Qd4 Nc6 18. Qd3 Ne5 19. Qd6 Qxd6 20. Bxd6 Nc6 21. e5 Nd4 22. Bd1 Nf5 23. Bc7 d5 24. exf6 gxf6 25. 0-0 Bd7 26. cxd5 exd5 27. Bb3 Bc6 28. Rfe1 Rxe1+ 29. Rxe1 Rc8 30. Bb6 Kg7 31. Bc5 Rb8 32. g4 Nh4 33. Bd4 h6 34. Re3 Ng6 35. Nf3 Rc8 36. h4 Nf4 37. g5 hxg5 38. hxg5 Bd7 39. Bxf6+ Kg8 40. Bb2 Nh3+ 41. Kf1 Bb5+ 42. Ke1 Nf4 43. Kd2 Nh3 44. Nd4 Nxf2 45. Nxb5 axb5 46. Ke1 Ng4 47. Re7 Rd8 48. Bd1 Kf8 49. Bxg4 Kxe7 50. Bf6+ Ke8 51. Bxd8 Kxd8 52. Bf3 Ke7 53. Bxd5 b6 54. Bc6 Ke6 55. Bxb5 Kf5 56. Bc4 Kxg5 57. Bxf7 1-0